000 00675cam a22001934a 4500
020 _a1933045140 (hardcover : alk. paper)
040 _cDLC
082 0 4 _a709 CEN 2005 C161 Or.
245 0 4 _aThe Dada seminars /
260 _aWashington, DC :
_bCenter for Advanced Study in the Visual Arts, National Gallery of Art, in association with D.A.P./Distributed Art Publishers,
_cc2005.
300 _aviii, 308 p. :
_bill. ;
_c26 cm.
490 1 _aCASVA seminar papers ;
500 _aIncludes index.
650 0 _aDadaism
700 1 _aDickerman, Leah,
700 1 _aWitkovsky, Matthew S.,
856 4 1 _uhttp://www.loc.gov/catdir/toc/ecip056/2005001643.html
942 _cAEDBB
999 _c19106
_d19106